Vista normal Vista MARC

Entrada Topical Term

Número de registros utilizados en: 1

001 - CONTROL NUMBER

  • control field: 13614

003 - CONTROL NUMBER IDENTIFIER

  • control field: OSt

005 - DATE AND TIME OF LATEST TRANSACTION

  • control field: 20210218104910.0

008 - FIXED-LENGTH DATA ELEMENTS

  • fixed length control field: 210218|| aca||aabn | a|a d

040 ## - CATALOGING SOURCE

  • Original cataloging agency: OSt
  • Transcribing agency: OSt

150 ## - HEADING--TOPICAL TERM

  • Topical term or geographic name entry element: Poesía alemana

670 ## - SOURCE DATA FOUND

  • Source citation: Work cat.: (OSt): Celan, Paul, 1920-1970 autor 13613, Antología poética / , 2006